000 00862 a2200229 4500
001 33105
005 20260407155625.0
008 260407a1971 arg spa d
003 AR-UNSa-BCEJYS
040 _aAR-UNSa-BCEJYS
_bspa
_cAR-UNSa-BCEJYS
080 _a330.101.541
_xMacroeconomía
245 1 0 _aLecturas de macroeconomía
264 1 _aBarcelona :
_bCECSA (Compañia Editorial Continental)
_c1971
300 _a421 p.
_c24 cm.
505 _a1. Determinantes del nivel de la renta global - 2. Consumo - 3. Inversión - 4. Moneda, interés y renta - 5. Salarios, nivel de precios y empleo - 6. Fluctuaciones y crecimiento - 7. Política económica.
041 _aspa
942 _cBK
590 _aniveau_biblio:m niveau_hierar:0
100 1 _aGarcía-Durán de Lara, José
700 1 _aMueller, Max Gerhard
700 1 _aVegara Carrió, José María
999 _c2332
_d2332